Techniques of structured problem solving /

Bibliographic Details
Main Author: VanGundy, Arthur B.
Format: Book
Language:English
Published: New York : Van Nostrand Reinhold Co., [1981]
Subjects:

MARC

Tag First Indicator Second Indicator Subfields
LEADER 00000cam a22000008a 4500
001 in00000651925
005 20151015070049.0
008 800605s1981 nyua b 00110 engm
010 |a  80017358  
020 |a 0442212232 
035 |a (OCoLC)06446607 
035 |9 ACW6029AM 
040 |a DLC  |c DLC  |d m.c.  |d TXA  |d UtOrBLW 
049 |a TXAM  |c [1328485] 
050 0 0 |a HD30.29  |b .V36 
082 0 |a 658.4/03 
100 1 |a VanGundy, Arthur B. 
245 1 0 |a Techniques of structured problem solving /  |c Arthur B. VanGundy. 
263 |a 8010 
264 1 |a New York :  |b Van Nostrand Reinhold Co.,  |c [1981] 
264 4 |c ©1981 
300 |a xi, 307 pages :  |b illustrations ;  |c 24 cm. 
336 |a text  |b txt  |2 rdacontent 
337 |a unmediated  |b n  |2 rdamedia 
338 |a volume  |b nc  |2 rdacarrier 
500 |a Includes index. 
504 |a Bibliography: pages 295-300. 
650 0 |a Problem solving. 
999 |a MARS 
999 f f |s c67ba96b-3f07-3d20-aeee-4ffa64aaa8e6  |i 30767403-bea0-3915-9fbd-d679446f166b  |t 0 
952 f f |p ric  |a Texas A&M University  |b Rellis Campus  |c Joint Library Facility  |d Remote Storage  |t 0  |e HD30.29 .V36  |h Library of Congress classification  |i unmediated -- volume  |m A14802612509 
998 f f |a HD30.29 .V36  |t 0  |l Remote Storage